LEADER 01139nam0 22002651i 450 001 UON00224046 005 20231205103428.372 010 $a06-910041-1-0 100 $a20030730d2000 |0itac50 ba 101 $aeng 102 $aUS 105 $a|||| ||||| 200 1 $a Thank you, comrade Stalin! Soviet public culture from revolution to cold war$fJeffrey Brooks 210 $aPrinceton$cPrinceton University Press$d2000. XX$d319 p. ; 24 cm. 606 $aUnione Sovietica$xCultura$xStoria$3UONC034687$2FI 620 $aUS$dPrinceton$3UONL000074 676 $a947$cRUSSIA - storia$v21 700 1$aBrooks$bJeffrey$3UONV107681$0129178 712 $aPrinceton University Press$3UONV245813$4650 801 $aIT$bSOL$c20260313$gRICA 899 $aSIBA - SISTEMA BIBLIOTECARIO DI ATENEO E ARCHIVIO STORICO$2UONSI 912 $aUON00224046 950 $aSIBA - SISTEMA BIBLIOTECARIO DI ATENEO E ARCHIVIO STORICO$dSI F B 0051 $eSI SC 35985 5 0051 996 $aThank you, comrade Stalin! Soviet public culture from revolution to cold war$91269428 997 $aUNIOR